| 000 | 00512cam a2200181 4500 | ||
|---|---|---|---|
| 008 | #DATE n2005 000 0 eng u | ||
| 020 | _a1842191535 | ||
| 035 | _a(Sirsi) u122698 | ||
| 041 | _aeng | ||
| 050 |
_a346.410435 _c18 |
||
| 110 |
_aRoyal Institution of Chartered Surveyors _94900 |
||
| 245 |
_aCase in point _brights to light |
||
| 260 |
_aLondon _bRICS _c2005 |
||
| 520 | _aDue for publication December 2006. | ||
| 650 |
_aRights of light _96267 |
||
| 690 |
_aBoundary disputes _96221 |
||
| 942 | _n0 | ||
| 999 |
_c102911 _d102911 |
||